| 000 | 00647nam a2200169 a 4500 | ||
|---|---|---|---|
| 008 | 120416s1974 ||||||||||||||||| || u | ||
| 050 | _aJS 797.2.T3 Fin | ||
| 100 | _aFinucane, James R | ||
| 245 | 1 | 0 | _aRural development and bureaucracy in Tanzania |
| 246 | _aThe case of Mwanza region | ||
| 260 |
_aUppsala _bThe Scandinavian Institute of African St _c1974 |
||
| 300 | _a192p. | ||
| 350 | _a0.00 | ||
| 650 | _aRURAL DEVELOPMENT--TANZANIA | ||
| 650 | 0 | _aAFRICA--ECONOMIC CONDITIONS | |
| 995 |
_D0.00 _FCBU-MAIN LIBRARY (Kitwe) _H1 _I0.00 _M1 _UAVAILABLE _ZMain Library Open Access Collection |
||
| 999 |
_c56811 _d56811 |
||